[Event "XLIV Memoriał Szachowy Ludwika Zamenhofa 2025, Grupa A"]
[Site "Białystok, Poland"]
[Date "2025.12.31"]
[Round "9.13"]
[White "Greicius, Pijus"]
[Black "Kondys, Piotr"]
[Result "1/2-1/2"]
[TimeControl "90'+30\""]
[WhiteElo "2170"]
[BlackElo "2136"]

1. d4 {[%clk 01:30:58]} {[%emt 00:00:01]} Nf6 {[%clk 01:19:17]} {[%emt
00:11:43]} 2. c4 {[%clk 01:31:21]} {[%emt 00:00:07]} e6 {[%clk 01:19:37]}
{[%emt 00:00:10]} 3. Nf3 {[%clk 01:31:45]} {[%emt 00:00:05]} Bb4+ {[%clk
01:19:56]} {[%emt 00:00:12]} 4. Bd2 {[%clk 01:32:08]} {[%emt 00:00:07]} a5
{[%clk 01:20:19]} {[%emt 00:00:07]} 5. Qc2 {[%clk 01:31:51]} {[%emt 00:00:47]}
d6 {[%clk 01:18:47]} {[%emt 00:02:02]} 6. Nc3 {[%clk 01:31:57]} {[%emt
00:00:25]} Nc6 {[%clk 01:15:39]} {[%emt 00:03:38]} 7. a3 {[%clk 01:31:56]}
{[%emt 00:00:31]} Bxc3 {[%clk 01:16:01]} {[%emt 00:00:07]} 8. Bxc3 {[%clk
01:32:21]} {[%emt 00:00:05]} Qe7 {[%clk 01:15:23]} {[%emt 00:01:07]} 9. e3
{[%clk 01:30:30]} {[%emt 00:02:22]} e5 {[%clk 01:09:54]} {[%emt 00:05:59]} 10.
Be2 {[%clk 01:15:40]} {[%emt 00:15:20]} a4 {[%clk 01:05:17]} {[%emt 00:05:08]}
11. O-O {[%clk 01:06:58]} {[%emt 00:09:11]} Bg4 {[%clk 01:02:17]} {[%emt
00:03:29]} 12. Rfe1 {[%clk 00:54:00]} {[%emt 00:13:29]} O-O {[%clk 01:01:33]}
{[%emt 00:01:14]} 13. Rac1 {[%clk 00:53:31]} {[%emt 00:00:59]} Rfe8 {[%clk
00:45:45]} {[%emt 00:16:16]} 14. d5 {[%clk 00:38:07]} {[%emt 00:15:56]} Nb8
{[%clk 00:45:48]} {[%emt 00:00:26]} 15. Bb4 {[%clk 00:36:29]} {[%emt 00:02:09]}
b6 {[%clk 00:43:59]} {[%emt 00:02:19]} 16. Nd2 {[%clk 00:36:02]} {[%emt
00:00:56]} Bd7 {[%clk 00:38:19]} {[%emt 00:06:11]} 17. Nb1 {[%clk 00:31:47]}
{[%emt 00:04:46]} Na6 {[%clk 00:37:49]} {[%emt 00:00:59]} 18. Nc3 {[%clk
00:25:28]} {[%emt 00:06:49]} Nc5 {[%clk 00:37:50]} {[%emt 00:00:30]} 19. Rcd1
{[%clk 00:23:20]} {[%emt 00:02:37]} g6 {[%clk 00:27:27]} {[%emt 00:10:54]} 20.
Bxc5 {[%clk 00:17:52]} {[%emt 00:05:58]} bxc5 {[%clk 00:27:29]} {[%emt
00:00:27]} 21. e4 {[%clk 00:18:05]} {[%emt 00:00:17]} Reb8 {[%clk 00:26:05]}
{[%emt 00:01:54]} 22. Nb5 {[%clk 00:18:14]} {[%emt 00:00:21]} Rb7 {[%clk
00:24:21]} {[%emt 00:02:14]} 23. Rf1 {[%clk 00:17:23]} {[%emt 00:01:21]} Bxb5
{[%clk 00:20:06]} {[%emt 00:04:45]} 24. cxb5 {[%clk 00:17:47]} {[%emt
00:00:06]} Nd7 {[%clk 00:20:35]} {[%emt 00:00:01]} 25. Bd3 {[%clk 00:16:33]}
{[%emt 00:01:45]} Qg5 {[%clk 00:18:29]} {[%emt 00:02:34]} 26. g3 {[%clk
00:15:10]} {[%emt 00:01:53]} Rba7 {[%clk 00:18:37]} {[%emt 00:00:23]} 27. Qc3
{[%clk 00:14:42]} {[%emt 00:00:59]} Rf8 {[%clk 00:17:33]} {[%emt 00:01:33]} 28.
Kh1 {[%clk 00:14:49]} {[%emt 00:00:22]} Qf6 {[%clk 00:16:52]} {[%emt 00:01:12]}
29. Kg2 {[%clk 00:12:29]} {[%emt 00:02:50]} 1/2-1/2

[Event "XLIV Memoriał Szachowy Ludwika Zamenhofa 2025, Grupa A"]
[Site "Białystok, Poland"]
[Date "2025.12.31"]
[Round "9.14"]
[White "Kaczmarek, Arkadiusz"]
[Black "Karut, Kacper"]
[Result "1/2-1/2"]
[TimeControl "90'+30\""]
[WhiteElo "2062"]
[BlackElo "2148"]

1. d4 {[%clk 01:30:57]} {[%emt 00:00:01]} Nf6 {[%clk 01:23:21]} {[%emt
00:07:40]} 2. c4 {[%clk 01:31:13]} {[%emt 00:00:14]} e6 {[%clk 01:23:49]}
{[%emt 00:00:03]} 3. Nf3 {[%clk 01:31:26]} {[%emt 00:00:16]} d5 {[%clk
01:24:09]} {[%emt 00:00:10]} 4. Nc3 {[%clk 01:31:38]} {[%emt 00:00:17]} c5
{[%clk 01:24:36]} {[%emt 00:00:05]} 5. cxd5 {[%clk 01:31:42]} {[%emt 00:00:25]}
Nxd5 {[%clk 01:25:02]} {[%emt 00:00:04]} 6. e4 {[%clk 01:31:42]} {[%emt
00:00:29]} Nxc3 {[%clk 01:25:29]} {[%emt 00:00:05]} 7. bxc3 {[%clk 01:31:57]}
{[%emt 00:00:14]} cxd4 {[%clk 01:25:56]} {[%emt 00:00:03]} 8. cxd4 {[%clk
01:32:08]} {[%emt 00:00:19]} Bb4+ {[%clk 01:26:23]} {[%emt 00:00:03]} 9. Bd2
{[%clk 01:32:19]} {[%emt 00:00:19]} Bxd2+ {[%clk 01:26:49]} {[%emt 00:00:04]}
10. Qxd2 {[%clk 01:32:31]} {[%emt 00:00:18]} O-O {[%clk 01:27:15]} {[%emt
00:00:03]} 11. Bc4 {[%clk 01:32:40]} {[%emt 00:00:21]} Nd7 {[%clk 01:27:38]}
{[%emt 00:00:08]} 12. O-O {[%clk 01:32:50]} {[%emt 00:00:20]} b6 {[%clk
01:28:06]} {[%emt 00:00:04]} 13. Rfe1 {[%clk 01:32:50]} {[%emt 00:00:28]} Bb7
{[%clk 01:28:28]} {[%emt 00:00:09]} 14. Rad1 {[%clk 01:33:00]} {[%emt
00:00:18]} Rc8 {[%clk 01:28:54]} {[%emt 00:00:05]} 15. Bb3 {[%clk 01:33:03]}
{[%emt 00:00:27]} Re8 {[%clk 01:29:20]} {[%emt 00:00:05]} 16. h3 {[%clk
01:32:56]} {[%emt 00:00:36]} Nf6 {[%clk 01:29:45]} {[%emt 00:00:06]} 17. Qf4
{[%clk 01:32:10]} {[%emt 00:01:15]} Qc7 {[%clk 01:30:11]} {[%emt 00:00:04]} 18.
Ne5 {[%clk 01:30:54]} {[%emt 00:01:45]} Re7 {[%clk 01:30:37]} {[%emt 00:00:06]}
19. g4 {[%clk 01:27:17]} {[%emt 00:04:05]} Nd7 {[%clk 00:58:41]} {[%emt
00:32:26]} 20. Rc1 {[%clk 01:21:35]} {[%emt 00:06:11]} Qd6 {[%clk 00:50:51]}
{[%emt 00:08:22]} 21. Rxc8+ {[%clk 01:20:42]} {[%emt 00:01:22]} Bxc8 {[%clk
00:51:19]} {[%emt 00:00:03]} 22. Ng6 {[%clk 01:20:30]} {[%emt 00:00:41]} Qxf4
{[%clk 00:51:41]} {[%emt 00:00:09]} 23. Nxf4 {[%clk 01:20:46]} {[%emt
00:00:13]} Bb7 {[%clk 00:49:05]} {[%emt 00:03:07]} 24. f3 {[%clk 01:19:12]}
{[%emt 00:02:03]} e5 {[%clk 00:37:16]} {[%emt 00:12:19]} 25. Nd5 {[%clk
01:13:35]} {[%emt 00:06:05]} Bxd5 {[%clk 00:37:17]} {[%emt 00:00:32]} 26. exd5
{[%clk 01:13:49]} {[%emt 00:00:15]} Kf8 {[%clk 00:36:56]} {[%emt 00:00:52]} 27.
d6 {[%clk 01:13:43]} {[%emt 00:00:36]} Re8 {[%clk 00:37:22]} {[%emt 00:00:04]}
28. Ba4 {[%clk 01:13:41]} {[%emt 00:00:32]} exd4 {[%clk 00:37:20]} {[%emt
00:00:33]} 29. Rc1 {[%clk 01:08:27]} {[%emt 00:05:42]} d3 {[%clk 00:15:20]}
{[%emt 00:22:31]} 30. Bxd7 {[%clk 01:06:42]} {[%emt 00:02:15]} d2 {[%clk
00:14:41]} {[%emt 00:01:08]} 31. Rf1 {[%clk 01:06:58]} {[%emt 00:00:14]} Rd8
{[%clk 00:14:01]} {[%emt 00:01:11]} 32. Ba4 {[%clk 01:07:07]} {[%emt 00:00:20]}
Rxd6 {[%clk 00:14:29]} {[%emt 00:00:03]} 33. Rd1 {[%clk 01:06:23]} {[%emt
00:01:14]} Rd4 {[%clk 00:10:57]} {[%emt 00:04:03]} 34. Bc2 {[%clk 01:05:05]}
{[%emt 00:01:47]} a5 {[%clk 00:08:18]} {[%emt 00:03:10]} 35. Kf2 {[%clk
01:00:20]} {[%emt 00:05:14]} Rb4 {[%clk 00:08:43]} {[%emt 00:00:06]} 36. Ke3
{[%clk 00:59:57]} {[%emt 00:00:53]} Rb2 {[%clk 00:09:04]} {[%emt 00:00:09]} 37.
Bb3 {[%clk 01:00:05]} {[%emt 00:00:21]} a4 {[%clk 00:08:52]} {[%emt 00:00:42]}
38. Bd5 {[%clk 01:00:17]} {[%emt 00:00:18]} Ke7 {[%clk 00:08:07]} {[%emt
00:01:16]} 39. Rxd2 {[%clk 01:00:25]} {[%emt 00:00:21]} Rb1 {[%clk 00:08:16]}
{[%emt 00:00:20]} 40. Be4 {[%clk 00:53:57]} {[%emt 00:06:58]} Ra1 {[%clk
00:08:39]} {[%emt 00:00:08]} 41. Kd4 {[%clk 00:53:52]} {[%emt 00:00:34]} g6
{[%clk 00:08:48]} {[%emt 00:00:22]} 42. g5 {[%clk 00:53:27]} {[%emt 00:00:54]}
f5 {[%clk 00:07:32]} {[%emt 00:01:47]} 43. Bc6 {[%clk 00:52:48]} {[%emt
00:01:09]} Rh1 {[%clk 00:06:50]} {[%emt 00:01:12]} 44. Bxa4 {[%clk 00:48:55]}
{[%emt 00:04:24]} Rxh3 {[%clk 00:07:15]} {[%emt 00:00:04]} 45. Rd3 {[%clk
00:48:58]} {[%emt 00:00:27]} Rh4+ {[%clk 00:07:38]} {[%emt 00:00:08]} 46. Ke5
{[%clk 00:42:22]} {[%emt 00:07:05]} Rxa4 {[%clk 00:08:03]} {[%emt 00:00:05]} 47.
Rd2 {[%clk 00:42:38]} {[%emt 00:00:14]} Ra5+ {[%clk 00:07:59]} {[%emt
00:00:35]} 48. Kf4 {[%clk 00:42:52]} {[%emt 00:00:14]} Ke6 {[%clk 00:07:48]}
{[%emt 00:00:43]} 49. Re2+ {[%clk 00:42:51]} {[%emt 00:00:30]} Kd6 {[%clk
00:08:11]} {[%emt 00:00:07]} 50. Rd2+ {[%clk 00:42:09]} {[%emt 00:01:12]} Rd5
{[%clk 00:08:18]} {[%emt 00:00:23]} 51. Rh2 {[%clk 00:42:18]} {[%emt 00:00:21]}
Rd4+ {[%clk 00:07:36]} {[%emt 00:01:13]} 52. Ke3 {[%clk 00:42:33]} {[%emt
00:00:15]} Ra4 {[%clk 00:07:18]} {[%emt 00:00:48]} 53. Rxh7 {[%clk 00:42:34]}
{[%emt 00:00:28]} f4+ {[%clk 00:06:11]} {[%emt 00:01:38]} 54. Kd3 {[%clk
00:42:40]} {[%emt 00:00:23]} Ke5 {[%clk 00:06:10]} {[%emt 00:00:32]} 55. Rf7
{[%clk 00:38:44]} {[%emt 00:04:25]} Ra3+ {[%clk 00:05:48]} {[%emt 00:00:53]} 56.
Kc4 {[%clk 00:38:59]} {[%emt 00:00:14]} Rxf3 {[%clk 00:05:00]} {[%emt
00:01:26]} 57. Rf6 {[%clk 00:38:51]} {[%emt 00:00:31]} Ra3 {[%clk 00:04:32]}
{[%emt 00:00:57]} 58. Rxg6 {[%clk 00:38:46]} {[%emt 00:00:35]} Rxa2 {[%clk
00:01:42]} {[%emt 00:03:21]} 59. Rxb6 {[%clk 00:38:26]} {[%emt 00:00:49]} Rg2
{[%clk 00:00:45]} {[%emt 00:01:27]} 60. Kd3 {[%clk 00:36:44]} {[%emt 00:02:12]}
Kf5 {[%clk 00:00:35]} {[%emt 00:00:40]} 61. Rb7 {[%clk 00:32:56]} {[%emt
00:04:18]} Kg4 {[%clk 00:00:35]} {[%emt 00:00:31]} 62. g6 {[%clk 00:33:09]}
{[%emt 00:00:16]} Kf3 {[%clk 00:00:59]} {[%emt 00:00:07]} 63. g7 {[%clk
00:33:18]} {[%emt 00:00:21]} Rg6 {[%clk 00:01:19]} {[%emt 00:00:10]} 64. Rf7
{[%clk 00:32:30]} {[%emt 00:01:17]} Kg4 {[%clk 00:01:24]} {[%emt 00:00:25]} 65.
Ke4 {[%emt 00:00:10]} 1/2-1/2

[Event "XLIV Memoriał Szachowy Ludwika Zamenhofa 2025, Grupa A"]
[Site "Białystok, Poland"]
[Date "2025.12.31"]
[Round "9.15"]
[White "Ejsymont, Eryk"]
[Black "Sernecki, Franciszek"]
[Result "0-1"]
[TimeControl "90'+30\""]
[WhiteElo "2022"]
[BlackElo "2306"]

1. e4 {[%clk 01:30:57]} {[%emt 00:00:02]} e6 {[%clk 01:30:34]} {[%emt
00:00:26]} 2. d4 {[%clk 01:31:20]} {[%emt 00:00:08]} d5 {[%clk 01:31:00]}
{[%emt 00:00:04]} 3. e5 {[%clk 01:31:35]} {[%emt 00:00:14]} c5 {[%clk
01:29:57]} {[%emt 00:01:33]} 4. c3 {[%clk 01:32:00]} {[%emt 00:00:05]} Bd7
{[%clk 01:26:07]} {[%emt 00:04:20]} 5. Nf3 {[%clk 01:31:47]} {[%emt 00:00:44]}
Qb6 {[%clk 01:25:46]} {[%emt 00:00:51]} 6. Bd3 {[%clk 01:29:41]} {[%emt
00:02:35]} cxd4 {[%clk 01:25:48]} {[%emt 00:00:28]} 7. O-O {[%clk 01:12:13]}
{[%emt 00:17:58]} Nc6 {[%clk 01:14:43]} {[%emt 00:11:36]} 8. Qe2 {[%clk
01:11:35]} {[%emt 00:01:07]} Nge7 {[%clk 01:02:34]} {[%emt 00:12:38]} 9. Nbd2
{[%clk 01:09:10]} {[%emt 00:02:56]} Ng6 {[%clk 00:53:39]} {[%emt 00:09:26]} 10.
Nb3 {[%clk 01:08:10]} {[%emt 00:01:29]} dxc3 {[%clk 00:52:52]} {[%emt
00:01:16]} 11. bxc3 {[%clk 01:08:23]} {[%emt 00:00:19]} Be7 {[%clk 00:50:19]}
{[%emt 00:03:02]} 12. Rb1 {[%clk 01:01:43]} {[%emt 00:07:10]} Qc7 {[%clk
00:47:32]} {[%emt 00:03:17]} 13. Re1 {[%clk 00:58:31]} {[%emt 00:03:43]} O-O
{[%clk 00:36:56]} {[%emt 00:11:05]} 14. h4 {[%clk 00:55:37]} {[%emt 00:03:23]}
f6 {[%clk 00:27:24]} {[%emt 00:10:03]} 15. Bxg6 {[%clk 00:47:56]} {[%emt
00:08:11]} hxg6 {[%clk 00:27:44]} {[%emt 00:00:10]} 16. c4 {[%clk 00:44:32]}
{[%emt 00:03:54]} fxe5 {[%clk 00:23:47]} {[%emt 00:04:28]} 17. cxd5 {[%clk
00:43:49]} {[%emt 00:01:12]} exd5 {[%clk 00:23:47]} {[%emt 00:00:29]} 18. Bg5
{[%clk 00:36:36]} {[%emt 00:07:44]} Bg4 {[%clk 00:18:40]} {[%emt 00:05:36]} 19.
Qd3 {[%clk 00:26:23]} {[%emt 00:10:43]} Bxf3 {[%clk 00:14:58]} {[%emt
00:04:13]} 20. gxf3 {[%clk 00:26:39]} {[%emt 00:00:14]} Bxg5 {[%clk 00:08:47]}
{[%emt 00:06:41]} 21. hxg5 {[%clk 00:25:29]} {[%emt 00:01:39]} Qd6 {[%clk
00:08:07]} {[%emt 00:01:10]} 22. Nd2 {[%clk 00:24:00]} {[%emt 00:02:00]} b6
{[%clk 00:07:26]} {[%emt 00:01:11]} 23. Ne4 {[%clk 00:22:49]} {[%emt 00:01:41]}
Qd7 {[%clk 00:05:49]} {[%emt 00:02:07]} 24. Ng3 {[%clk 00:21:37]} {[%emt
00:01:42]} Nd4 {[%clk 00:05:02]} {[%emt 00:01:17]} 25. Re3 {[%clk 00:21:25]}
{[%emt 00:00:42]} Qd6 {[%clk 00:04:14]} {[%emt 00:01:18]} 26. Kg2 {[%clk
00:19:19]} {[%emt 00:02:37]} Rf7 {[%clk 00:02:54]} {[%emt 00:01:49]} 27. Ne2
{[%clk 00:11:40]} {[%emt 00:08:09]} Nxf3 {[%clk 00:01:38]} {[%emt 00:01:46]} 28.
Nc3 {[%clk 00:09:02]} {[%emt 00:03:09]} Nd4 {[%clk 00:00:46]} {[%emt 00:01:21]}
29. Rh1 {[%clk 00:07:40]} {[%emt 00:01:51]} Raf8 {[%clk 00:00:44]} {[%emt
00:00:32]} 30. Nd1 {[%clk 00:07:20]} {[%emt 00:00:51]} Rf3 {[%clk 00:00:54]}
{[%emt 00:00:21]} 31. Rxf3 {[%clk 00:07:08]} {[%emt 00:00:42]} Rxf3 {[%clk
00:00:52]} {[%emt 00:00:31]} 32. Ne3 {[%clk 00:07:37]} Rf8 {[%clk 00:00:35]}
{[%emt 00:00:47]} 33. Ng4 {[%clk 00:07:45]} {[%emt 00:00:23]} Nf5 {[%clk
00:00:38]} {[%emt 00:00:26]} 34. f3 {[%emt 00:01:11]} Rc8 {[%clk 00:00:40]} 35.
Re1 {[%clk 00:07:44]} {[%emt 00:00:18]} Re8 {[%clk 00:00:44]} {[%emt 00:00:26]}
36. Qb5 {[%clk 00:07:46]} {[%emt 00:00:28]} Qd8 {[%clk 00:00:39]} {[%emt
00:00:35]} 37. Qc6 {[%clk 00:07:47]} {[%emt 00:00:29]} e4 {[%clk 00:00:48]}
{[%emt 00:00:21]} 38. fxe4 {[%clk 00:08:02]} {[%emt 00:00:15]} dxe4 {[%clk
00:00:55]} {[%emt 00:00:23]} 39. Qc4+ {[%clk 00:07:59]} {[%emt 00:00:33]} Kf8
{[%clk 00:01:21]} {[%emt 00:00:04]} 40. Qb4+ {[%clk 00:06:59]} {[%emt
00:01:30]} Qd6 {[%clk 00:00:59]} {[%emt 00:00:52]} 41. Qc3 {[%clk 00:06:40]}
{[%emt 00:00:50]} e3 {[%clk 00:00:55]} {[%emt 00:00:33]} 42. Nh2 {[%clk
00:04:09]} {[%emt 00:03:01]} Qd2+ {[%clk 00:00:35]} {[%emt 00:00:50]} 43. Qxd2
{[%clk 00:04:21]} {[%emt 00:00:17]} exd2 {[%clk 00:01:02]} {[%emt 00:00:03]} 44.
Rf1 {[%clk 00:04:50]} d1=Q {[%clk 00:01:22]} {[%emt 00:00:11]} 0-1

[Event "XLIV Memoriał Szachowy Ludwika Zamenhofa 2025, Grupa A"]
[Site "Białystok, Poland"]
[Date "2025.12.31"]
[Round "9.16"]
[White "Backiel, Hubert"]
[Black "Haladaj, Adam"]
[Result "1-0"]
[TimeControl "90'+30\""]
[WhiteElo "2258"]
[BlackElo "2062"]

1. Nf3 {[%clk 01:10:44]} {[%emt 00:20:15]} d5 {[%clk 01:30:51]} {[%emt
00:00:10]} 2. e3 {[%clk 01:10:50]} {[%emt 00:00:12]} c5 {[%clk 01:30:29]}
{[%emt 00:01:04]} 3. c4 {[%clk 01:11:03]} {[%emt 00:00:17]} Nf6 {[%clk
01:28:51]} {[%emt 00:02:07]} 4. b3 {[%clk 01:11:13]} {[%emt 00:00:20]} e6
{[%clk 01:28:05]} {[%emt 00:01:17]} 5. Bb2 {[%clk 01:11:38]} {[%emt 00:00:04]}
Be7 {[%clk 01:28:29]} {[%emt 00:00:06]} 6. Be2 {[%clk 01:11:26]} {[%emt
00:00:43]} b6 {[%emt 00:02:21]} 7. cxd5 {[%clk 01:10:22]} exd5 {[%clk
01:27:51]} {[%emt 00:00:49]} 8. O-O {[%clk 01:10:32]} {[%emt 00:00:20]} O-O
{[%clk 01:27:29]} {[%emt 00:00:51]} 9. d4 {[%clk 01:10:48]} {[%emt 00:00:16]}
Bb7 {[%clk 01:22:59]} {[%emt 00:05:00]} 10. Nc3 {[%clk 01:08:51]} {[%emt
00:02:26]} Nbd7 {[%clk 01:20:39]} {[%emt 00:02:51]} 11. Rc1 {[%clk 01:06:08]}
{[%emt 00:03:13]} a6 {[%clk 01:17:31]} {[%emt 00:03:38]} 12. Qc2 {[%clk
01:05:42]} {[%emt 00:00:55]} Re8 {[%clk 01:15:20]} {[%emt 00:02:41]} 13. Rfd1
{[%clk 01:06:07]} {[%emt 00:00:05]} Bd6 {[%clk 01:14:10]} {[%emt 00:01:40]} 14.
Qf5 {[%clk 00:48:01]} {[%emt 00:18:36]} Qe7 {[%clk 00:59:24]} {[%emt 00:15:17]}
15. Bd3 {[%clk 00:44:45]} {[%emt 00:03:45]} Qe6 {[%clk 00:49:16]} {[%emt
00:10:38]} 16. Na4 {[%clk 00:38:10]} {[%emt 00:07:05]} Rac8 {[%clk 00:38:07]}
{[%emt 00:11:39]} 17. Ng5 {[%clk 00:36:32]} {[%emt 00:02:07]} Qxf5 {[%clk
00:37:49]} {[%emt 00:00:49]} 18. Bxf5 {[%clk 00:37:00]} {[%emt 00:00:01]} Rc7
{[%clk 00:31:46]} {[%emt 00:06:34]} 19. Ba3 {[%clk 00:35:21]} {[%emt 00:02:08]}
Bf8 {[%clk 00:30:47]} {[%emt 00:01:30]} 20. dxc5 {[%clk 00:27:50]} {[%emt
00:08:02]} bxc5 {[%clk 00:31:05]} {[%emt 00:00:11]} 21. Nh3 {[%clk 00:28:18]}
{[%emt 00:00:02]} Rec8 {[%clk 00:20:40]} {[%emt 00:10:55]} 22. Nf4 {[%clk
00:23:47]} {[%emt 00:05:00]} d4 {[%clk 00:20:22]} {[%emt 00:00:49]} 23. Bb2
{[%clk 00:21:14]} {[%emt 00:03:02]} Bc6 {[%clk 00:16:05]} {[%emt 00:04:48]} 24.
exd4 {[%clk 00:21:02]} {[%emt 00:00:41]} Bxa4 {[%clk 00:16:29]} {[%emt
00:00:08]} 25. bxa4 {[%clk 00:20:51]} {[%emt 00:00:40]} cxd4 {[%clk 00:13:19]}
{[%emt 00:03:40]} 26. Rxc7 {[%clk 00:19:47]} {[%emt 00:01:34]} Rxc7 {[%clk
00:13:47]} {[%emt 00:00:01]} 27. Bxd4 {[%clk 00:18:33]} {[%emt 00:01:44]} g6
{[%clk 00:14:05]} {[%emt 00:00:13]} 28. Bd3 {[%clk 00:18:12]} {[%emt 00:00:51]}
Bd6 {[%clk 00:13:09]} {[%emt 00:01:26]} 29. Ne2 {[%emt 00:01:09]} a5 {[%clk
00:12:46]} {[%emt 00:00:52]} 30. Bb5 {[%clk 00:12:18]} {[%emt 00:05:45]} Be5
{[%clk 00:12:16]} {[%emt 00:01:00]} 31. Be3 {[%clk 00:12:46]} {[%emt 00:00:03]}
Kg7 {[%clk 00:10:27]} {[%emt 00:02:19]} 32. Nd4 {[%clk 00:10:10]} {[%emt
00:03:06]} Bxd4 {[%clk 00:03:59]} {[%emt 00:06:58]} 33. Bxd4 {[%clk 00:09:42]}
{[%emt 00:00:57]} Nf8 {[%clk 00:03:38]} {[%emt 00:00:51]} 34. Bb6 {[%clk
00:07:50]} {[%emt 00:02:23]} Rc2 {[%clk 00:04:01]} {[%emt 00:00:07]} 35. Bxa5
{[%clk 00:08:09]} {[%emt 00:00:11]} Rxa2 {[%clk 00:04:09]} {[%emt 00:00:22]} 36.
h3 {[%clk 00:07:50]} {[%emt 00:00:48]} Ne4 {[%clk 00:04:05]} {[%emt 00:00:34]}
37. Bb6 {[%clk 00:08:02]} {[%emt 00:00:18]} Ne6 {[%clk 00:04:14]} {[%emt
00:00:22]} 38. Rc1 {[%clk 00:07:08]} {[%emt 00:01:23]} Nd6 {[%clk 00:04:10]}
{[%emt 00:00:34]} 39. Bd7 {[%clk 00:04:00]} {[%emt 00:03:39]} Kf6 {[%clk
00:03:43]} {[%emt 00:00:57]} 40. a5 {[%clk 00:03:40]} {[%emt 00:00:50]} Ke7
{[%clk 00:04:07]} {[%emt 00:00:04]} 41. Bc6 {[%clk 00:03:34]} {[%emt 00:00:38]}
Nc8 {[%clk 00:03:52]} {[%emt 00:00:44]} 42. Bd5 {[%clk 00:02:55]} {[%emt
00:01:09]} Rd2 {[%clk 00:02:21]} {[%emt 00:02:02]} 43. Rxc8 {[%clk 00:03:11]}
{[%emt 00:00:13]} Rxd5 {[%clk 00:02:46]} {[%emt 00:00:05]} 44. a6 {[%clk
00:03:38]} {[%emt 00:00:04]} Rd1+ {[%clk 00:03:00]} {[%emt 00:00:16]} 45. Kh2
{[%clk 00:04:04]} {[%emt 00:00:04]} Kd7 {[%clk 00:03:11]} {[%emt 00:00:19]} 46.
a7 {[%clk 00:04:23]} {[%emt 00:00:12]} Kxc8 {[%clk 00:03:27]} {[%emt 00:00:14]}
47. a8=Q+ {[%clk 00:04:46]} {[%emt 00:00:06]} Kd7 {[%clk 00:03:48]} {[%emt
00:00:08]} 48. Qa4+ {[%clk 00:05:10]} {[%emt 00:00:05]} 1-0